| 000 | 01275nam a22003497a 4500 | ||
|---|---|---|---|
| 001 | BRCA_9353 | ||
| 003 | FranzMayer | ||
| 005 | 20230918122204.0 | ||
| 008 | 230828b |||||||| |||| 00| 0 eng d | ||
| 020 | _a9789685852302 | ||
| 040 |
_aMFM _bespañol _cMFM |
||
| 050 | 0 |
_aNK1390 _bD47 2010 |
|
| 110 | 1 |
_4Responsable _aDisegnio _bTeoría y práctica _929303 |
|
| 240 |
_aDiseño e historia _hTiempo, lugar y discurso _lEspañol |
||
| 245 | 0 |
_aDiseño e historia _bTiempo, lugar y discurso |
|
| 260 |
_aMéxico _bEditorial Designio _c2010 |
||
| 300 |
_a186 p _bIlustraciones _c23 cm |
||
| 500 | _aAnexo 1 | ||
| 500 | _aCon dedicatoria para Héctor. | ||
| 505 | _aTexto en: españolIncluye índice temáticoIncluye información de los autoresDirigido a: diseñadores e historiadores del arte | ||
| 650 | 1 |
_2Diseño _aHistoria _vHistoria del arte _929304 |
|
| 700 | 1 |
_4Autor _aSalinas Flores, Oscar _929305 |
|
| 700 | 1 |
_4Autor _aPelta, Raquel _929306 |
|
| 700 | 1 |
_4Autor _aCalvera, Anna _929307 |
|
| 700 | 1 |
_4Autor _aCampi, Isabel _929308 |
|
| 700 | 1 |
_4Autor _aJulier, Guy _929309 |
|
| 700 | 1 |
_4Autor _aNarotzky, Viviana _929310 |
|
| 700 | 1 |
_4Autor _aFreixa, mireia _929311 |
|
| 700 | 1 |
_4Autor _aBayó, Concha _929312 |
|
| 710 | 1 |
_4Cool _aFHD _929313 |
|
| 942 |
_2lcc _cB |
||
| 999 |
_c10975 _d10975 |
||